存在する路線バスサドンデス - Statistics

General Stats
  • This quiz has been taken 56 times
  • The average score is 2 of 20
Answers on the Grid
Answers color-coded by a green-red scale on the quiz's grid according to % correct below.
紋別ターミナル⇔遠軽 北紋バス
雄冬⇔留萌駅前 沿岸バス
喜茂別⇔倶知安駅前 道南バス
上三本杉(瀬棚)⇔八雲駅 函館バス
むつターミナル⇔青森駅前 下北交通
深浦⇔弘前バスターミナル 弘南バス
藤琴大町⇔鷹ノ巣駅前 秋北バス
金田一温泉駅⇔葛巻病院 岩手県北バス
新庄駅東口⇔仙台駅前 山交バス
寒河江駅前⇔天童駅前 山交バス
丸森駅⇔白石駅 タケヤ交通
原町駅前⇔福島駅東口 福島交通
尾瀬御池(尾瀬沼山峠)⇔会津高原尾瀬口駅 会津バス
五泉駅前⇔加茂駅前(村松経由) 新潟交通観光バス
小千谷駅前⇔津南営業所前 南越後観光バス
湯沢駅前⇔沼田駅前(苗場,猿ヶ京経由) 関越交通
双愛病院(足尾)⇔JR日光駅 日光市営バス
鉾田駅⇔石岡駅 関東鉄道(バス)
チェリオ・イオン(鹿島)⇔麻生庁舎 池田交通
旭駅⇔JR成田駅(多古経由) JRバス関東
茂原駅東口⇔千葉駅 小湊鐡道(バス)
逗子駅⇔三崎港 京急バス
川崎駅ラゾーナ広場⇔目黒駅前 東急バス
聖蹟桜ヶ丘駅⇔鶴川駅 小田急バス
宮ヶ瀬⇔本厚木駅 神奈川中央交通
三峰口駅⇔塩山駅前 甲州市コミュニティバス
沼津駅⇔下田駅 東海バス
松本BT⇔濃飛高山BC アルピコ交通
渋温泉⇔飯山駅 長電バス
高岡駅前⇔七尾駅前 北鉄能登バス
越前大野駅⇔美濃白鳥駅 京福バス
新静岡⇔浜岡営業所 しずてつジャストライン
伊良湖岬⇔豊橋駅前 豊鉄バス
足助⇔東岡崎駅 名鉄バス
三瀬谷⇔伊勢市駅(度会経由) 三重交通
信楽駅⇔京阪宇治駅 京都京阪バス
堅田駅⇔守山駅 江若交通バス
高野山駅前⇔海南駅前 大十オレンジバス
針テラス⇔奈良駅前 奈良市コミュニティバス
出石福祉ゾーン⇔江原駅 全但バス
湯村温泉⇔鳥取駅 日本交通
倉敷駅北口⇔宮前(吉備中央) 中鉄バス
尾道駅前⇔瀬戸田港 おのみちバス
久万高原⇔佐川駅 黒岩観光
安芸営業所⇔牟岐駅 高知東部交通
落合橋(美合)⇔丸亀駅 琴参バス
中曽(蒜山)⇔関金温泉 真庭市コミュニティバス
東萩駅⇔山口駅 JRバス中国
宇佐駅⇔大分空港 大分交通
小林駅⇔宮崎空港 宮崎交通
博多駅⇔直方駅 JR九州バス
大口(伊佐)⇔川内駅 南国交通
名護バスターミナル⇔国際線旅客ターミナル 沖縄バス
桜町バスターミナル⇔通潤山荘(山都) 熊本バス
 
Answer Stats
Answer % Correct
足助⇔東岡崎駅 名鉄バス
24%
小林駅⇔宮崎空港 宮崎交通
24%
名護バスターミナル⇔国際線旅客ターミナル 沖縄バス
21%
博多駅⇔直方駅 JR九州バス
18%
むつターミナル⇔青森駅前 下北交通
16%
鉾田駅⇔石岡駅 関東鉄道(バス)
16%
松本BT⇔濃飛高山BC アルピコ交通
16%
紋別ターミナル⇔遠軽 北紋バス
13%
新庄駅東口⇔仙台駅前 山交バス
11%
堅田駅⇔守山駅 江若交通バス
11%
原町駅前⇔福島駅東口 福島交通
8%
落合橋(美合)⇔丸亀駅 琴参バス
8%
東萩駅⇔山口駅 JRバス中国
8%
宮ヶ瀬⇔本厚木駅 神奈川中央交通
5%
桜町バスターミナル⇔通潤山荘(山都) 熊本バス
5%
喜茂別⇔倶知安駅前 道南バス
3%
双愛病院(足尾)⇔JR日光駅 日光市営バス
3%
チェリオ・イオン(鹿島)⇔麻生庁舎 池田交通
0%
出石福祉ゾーン⇔江原駅 全但バス
0%
中曽(蒜山)⇔関金温泉 真庭市コミュニティバス
0%
No matching quizzes found
Score Distribution
Percent of People with Each Score
Percentile by Number Answered
Your Score History
You have not taken this quiz